Bảo vệ luận án tiến sĩ đề tài Quá trình thực hiện chính sách xoá đói giảm nghèo của Đảng và nhà ước trong cộng đồng người Khmer tại đồng bằng sông Cửu Long 1992 - 2002 /

Gespeichert in:
Bibliographische Detailangaben
1. Verfasser: Cao Phương Thảo.
Format: Artikel
Sprache:Vietnamese
Schlagworte:
Tags: Tag hinzufügen
Keine Tags, Fügen Sie den ersten Tag hinzu!
Thư viện lưu trữ: Thư viện Trường Đại học Đà Lạt
LEADER 00990nam a2200277 4500
001 DLU110119005
005 ##20110326
040 # # |a DLU  |b vie 
041 # # |a vie 
044 # # |a vn 
100 # # |a Cao Phương Thảo. 
245 # # |a Bảo vệ luận án tiến sĩ đề tài Quá trình thực hiện chính sách xoá đói giảm nghèo của Đảng và nhà ước trong cộng đồng người Khmer tại đồng bằng sông Cửu Long 1992 - 2002 /  |c Cao Phương Thảo. 
653 # # |a Dân tộc Khơ Me 
653 # # |a Luận án  
653 # # |a Nghiên cứu khoa học 
653 # # |a Xoá đói giảm nghèo 
773 # # |t Tạp chí Khoa học Xã hội Việt Nam  |g Số 7(119), 2008, tr. 96 
920 # # |a Phòng Tạp chí -- Trung tâm Thông tin - Thư viện Trường Đại học Đà Lạt 
994 # # |a DLU 
900 # # |a True 
911 # # |a Nguyễn Thị Linh Chi 
925 # # |a G 
926 # # |a A 
927 # # |a BB 
980 # # |a Thư viện Trường Đại học Đà Lạt